Upkar's railway recruitment board assistant station master: (Record no. 165960)
[ view plain ]
| 000 -LEADER | |
|---|---|
| fixed length control field | 00746nam a22001937a 4500 |
| 005 - DATE AND TIME OF LATEST TRANSACTION | |
| control field | 20190711110530.0 |
| 010 ## - LCCN (DPL NO) | |
| LC control number | B-728475 |
| 020 ## - INTERNATIONAL STANDARD BOOK NUMBER | |
| International Standard Book Number | 9789385888786 |
| Terms of availability | 210.00 |
| 035 ## - SYSTEM CONTROL NUMBER | |
| System control number | B-728475 |
| 037 ## - SOURCE OF ACQUISITION | |
| Source of stock number/acquisition | RK Books |
| 082 ## - DEWEY DECIMAL CLASSIFICATION NUMBER | |
| Classification number | 158 |
| 100 ## - MAIN ENTRY--PERSONAL NAME | |
| Personal name | Singh,B. K. |
| 245 ## - TITLE STATEMENT | |
| Title | Upkar's railway recruitment board assistant station master: |
| Remainder of title | psychological & aptitude test / |
| Statement of responsibility, etc | by B. K. Singh |
| 260 ## - PUBLICATION, DISTRIBUTION, ETC. (IMPRINT) | |
| Place of publication, distribution, etc | Agra |
| Name of publisher, distributor, etc | Upkar Prakashan |
| Date of publication, distribution, etc | (201?) |
| 270 ## - ADDRESS | |
| Address | 2/11A, Swadeshi Bima Nagar |
| City | Agra |
| Postal code | 282002 |
| 300 ## - PHYSICAL DESCRIPTION | |
| Extent | various pagings: |
| Other physical details | ill. |
| Dimensions | 27cm(pbk) |
| 942 ## - ADDED ENTRY ELEMENTS (KOHA) | |
| Source of classification or shelving scheme | Dewey Decimal Classification |
| Item type | English Books |
| Classification part | 158 |
| Call number suffix | SIN |
| Withdrawn status | Lost status | Not for loan | Collection code | Home library | Current library | Date acquired | Source of acquisition | Cost, normal purchase price | Full call number | Barcode | Copy number | Cost, replacement price | Koha item type | Public note |
|---|---|---|---|---|---|---|---|---|---|---|---|---|---|---|
| Non-fiction | Kadipur | Kadipur | 08/07/2019 | RK Books/IN569/2019-20/17.06.2019/09/06.06.2019/28.06.2019 | 210.00 | 158 SIN | B-728475 | 1 | 210.00 | English Books | Spl. power |
